Trouve l'équipe de foot national grâce aux clubs des joueurs #1 - Statistiques

Statistiques générales
  • Ce quiz a été pris 159 fois
  • Le résultat moyen est 10 sur 12
Statistiques - réponses
Par images Réponse % Correct
Italie
99%
Brésil
96%
France
95%
Maroc
91%
Espagne
89%
Corée du sud
88%
Norvège
85%
Belgique
80%
Suède
79%
Uruguay
79%
Danemark
69%
Nigeria
63%
Aucun quiz correspondant
Distribution des résultats
% des personnes avec chaque résultat
Percentile par nombre de réponses
Votre historique - résultats
Vous n’avez pas pris ce quiz